Up from slavery: (Record no. 180184)

MARC details
000 -LEADER
fixed length control field 00617nam a22001937a 4500
005 - DATE AND TIME OF LATEST TRANSACTION
control field 20210728115711.0
010 ## - LCCN (DPL NO)
LC control number B-740667
020 ## - INTERNATIONAL STANDARD BOOK NUMBER
International Standard Book Number 9789380848761
Terms of availability 150.00
035 ## - SYSTEM CONTROL NUMBER
System control number B-740667
037 ## - SOURCE OF ACQUISITION
Source of stock number/acquisition Gift
082 ## - DEWEY DECIMAL CLASSIFICATION NUMBER
Classification number 921
100 ## - MAIN ENTRY--PERSONAL NAME
Personal name Washington, Booker T.
245 ## - TITLE STATEMENT
Title Up from slavery:
Remainder of title an autobiography /
Statement of responsibility, etc by Booker T. Washington
260 ## - PUBLICATION, DISTRIBUTION, ETC. (IMPRINT)
Place of publication, distribution, etc New Delhi
Name of publisher, distributor, etc Blueberry Books
Date of publication, distribution, etc 2013
270 ## - ADDRESS
Address 4675 A/21, Ansari Road, Daryaganj
City New Delhi
Postal code 110002
300 ## - PHYSICAL DESCRIPTION
Extent 270p.
Dimensions 22cm(pbk)
942 ## - ADDED ENTRY ELEMENTS (KOHA)
Source of classification or shelving scheme Dewey Decimal Classification
Item type English Books
Call number suffix WAS
Classification part 921
Holdings
Withdrawn status Lost status Not for loan Collection code Home library Current library Date acquired Source of acquisition Cost, normal purchase price Full call number Barcode Copy number Cost, replacement price Koha item type Public note
      Non-fiction Central Library Central Library 28/07/2021 Gift/Eng/07-07-2021 150.00 921 WAS B-740667 1 150.00 English Books Gift

© Delhi Public Library
Hit Counter
free hit counter